Villes françaises par image (mort subite) - Statistiques

Statistiques générales
  • Ce quiz a été pris 71 fois
  • Le résultat moyen est 6 sur 15
Answers on the Grid
Answers color-coded by a green-red scale on the quiz's grid according to % correct below.
 
Statistiques - réponses
Réponse % Correct
Colmar
63%
Arles
57%
La Rochelle
57%
Annecy
57%
Clermont-Ferrand
53%
Angers
51%
Albi
43%
Troyes
43%
Lille
41%
Carcassonne
39%
Le Puy-en-Velay
35%
Lyon
35%
Avignon
27%
Lourdes
20%
Menton
18%
Aucun quiz correspondant
Distribution des résultats
% des personnes avec chaque résultat
Percentile par nombre de réponses
Votre historique - résultats
Vous n’avez pas pris ce quiz